Statystyki dla Polskie grupy armii zmobilizowane w 1939 roku

Kliknij tutaj aby rozwiązać quiz!

Ogólne statystyki

  • Ten quiz został rozwiązany 30 razy
  • Średni wynik to 5 z 8

Statystyki odpowiedzi

Nazwa% Poprawnych
ArmiaKraków
92%
ArmiaPomorze
92%
ArmiaPoznań
92%
ArmiaŁódź
80%
SGONarew
56%
ArmiaKarpaty
48%
ArmiaPrusy
48%
ArmiaModlin
40%

Rozkład punktacji

Percentyl według liczby udzielonych odpowiedzi

Procent ludzi z każdym wynikiem

Twoja historia wyników

Nie rozwiązałeś tego quizu